[Event "I Open Ciutat de Sueca 2015"]
[Site "Sueca ESP"]
[Date "2015.08.01"]
[Round "7.20"]
[White "Espasa Marti, Francisco Jose"]
[Black "Castillo Pla, Emilio"]
[Result "1-0"]
[WhiteElo "1835"]
[BlackElo "1934"]
[PlyCount "65"]
[EventDate "2015.07.27"]
[EventType "swiss"]
[EventRounds "8"]
[EventCountry "ESP"]
[SourceTitle "Ajedrez en Madrid"]
[Source "lmi"]
[SourceDate "2015.05.27"]

1. d4 g6 2. Nf3 Bg7 3. Bf4 d6 4. e3 Nf6 5. h3 O-O 6. c3 b6 7. Be2 Bb7 8. Nbd2
Nbd7 9. O-O c5 10. a4 a6 11. Rb1 Bc6 12. b4 Nd5 13. Qc2 Bxa4 14. Qb2 cxb4 15.
cxb4 Nxf4 16. exf4 b5 17. Ne4 Rc8 18. Rfc1 Nb6 19. Nc3 Qd7 20. Kh2 Rc7 21. Qd2
Rfc8 22. Nxa4 Nxa4 23. Bd3 Nb6 24. Ra1 Rxc1 25. Rxc1 Nc4 26. Qc2 Qa7 27. d5 Qb7
28. f5 Qxd5 29. Be4 Be5+ 30. g3 Nb6 31. Qxc8+ Nxc8 32. Rxc8+ Kg7 33. Bxd5 1-0

[Event "I Open Ciutat de Sueca 2015"]
[Site "Sueca ESP"]
[Date "2015.08.01"]
[Round "7.21"]
[White "Oltra Landete, Fidel"]
[Black "Agullo Valcarcel, Carlos"]
[Result "1-0"]
[WhiteElo "1906"]
[BlackElo "1719"]
[PlyCount "54"]
[EventDate "2015.07.27"]
[EventType "swiss"]
[EventRounds "8"]
[EventCountry "ESP"]
[SourceTitle "Ajedrez en Madrid"]
[Source "lmi"]
[SourceDate "2015.05.27"]

1. d4 Nf6 2. Nf3 e6 3. Bf4 Bb4+ 4. c3 Be7 5. e3 d6 6. Bd3 b6 7. e4 Bb7 8. Qe2
Nbd7 9. Nbd2 Nh5 10. Be3 e5 11. dxe5 dxe5 12. Nxe5 Nhf6 13. Nxd7 Nxd7 14. Rd1
O-O 15. Nf3 Qc8 16. h4 Re8 17. Ng5 Nf6 18. e5 Ng4 19. Bxh7+ Kf8 20. Nxf7 Bc5
21. Nh8 Nxe5 22. Rh3 Qe6 23. Bxc5+ bxc5 24. Re3 Bxg2 25. Rxe5 Qf6 26. Ng6+ Kf7
27. Qc4+ Re6 1-0

[Event "I Open Ciutat de Sueca 2015"]
[Site "Sueca ESP"]
[Date "2015.08.01"]
[Round "7.22"]
[White "Riddoch, Alan"]
[Black "Del Arco Gimeno, Juan"]
[Result "0-1"]
[WhiteElo "1650"]
[BlackElo "1894"]
[PlyCount "65"]
[EventDate "2015.07.27"]
[EventType "swiss"]
[EventRounds "8"]
[EventCountry "ESP"]
[SourceTitle "Ajedrez en Madrid"]
[Source "lmi"]
[SourceDate "2015.05.27"]

1. e4 d6 2. Bc4 Nf6 3. Nc3 g6 4. d3 Bg7 5. h3 c6 6. Be3 b5 7. Bb3 O-O 8. Qd2
Nbd7 9. Bh6 Nc5 10. Bxg7 Kxg7 11. f4 Qc7 12. Nf3 a5 13. a3 Nxb3 14. cxb3 Qb6
15. h4 Be6 16. e5 Nd7 17. h5 Bxb3 18. d4 Bd5 19. hxg6 hxg6 20. f5 Rh8 21. O-O-O
Bb3 22. Rdf1 b4 23. Nb1 Qb5 24. Ng5 Qc4+ 25. Nc3 bxc3 26. bxc3 dxe5 27. fxg6 f6
28. Re1 fxg5 29. Kb2 Rab8 30. Rxh8 Kxh8 31. g7+ Kg8 32. Rh1 Ba4+ 33. Ka1 0-1

[Event "I Open Ciutat de Sueca 2015"]
[Site "Sueca ESP"]
[Date "2015.08.01"]
[Round "7.23"]
[White "Linares Carrasquer, Jordi"]
[Black "Folch Zaragoza, Jose"]
[Result "0-1"]
[WhiteElo "1352"]
[BlackElo "1856"]
[PlyCount "50"]
[EventDate "2015.07.27"]
[EventType "swiss"]
[EventRounds "8"]
[EventCountry "ESP"]
[SourceTitle "Ajedrez en Madrid"]
[Source "lmi"]
[SourceDate "2015.05.27"]

1. e4 e5 2. Nf3 Nc6 3. d4 exd4 4. Nxd4 Nf6 5. Nxc6 bxc6 6. Bd3 d5 7. exd5 cxd5
8. Bg5 Qd6 9. Qd2 Be7 10. Nc3 c6 11. O-O-O O-O 12. f3 Be6 13. h4 d4 14. Ne4
Nxe4 15. Bxe4 Rfd8 16. Bxe7 Qxe7 17. Bxc6 Rac8 18. Be4 Bxa2 19. Qf2 Qb4 20. Qd2
Qa4 21. Qf2 Bb3 22. Kd2 Bxc2 23. Ra1 Qb4+ 24. Ke2 Bxe4 25. Qg3 Qxb2+ 0-1

[Event "I Open Ciutat de Sueca 2015"]
[Site "Sueca ESP"]
[Date "2015.08.01"]
[Round "7.24"]
[White "Dominguez Gandia, Jose Miguel"]
[Black "Soler Llobell, Jordi"]
[Result "1-0"]
[WhiteElo "1521"]
[BlackElo "1750"]
[PlyCount "47"]
[EventDate "2015.07.27"]
[EventType "swiss"]
[EventRounds "8"]
[EventCountry "ESP"]
[SourceTitle "Ajedrez en Madrid"]
[Source "lmi"]
[SourceDate "2015.05.27"]

1. d4 Nf6 2. c4 e6 3. g3 d6 4. Bg2 Nbd7 5. e4 e5 6. d5 a5 7. Ne2 Nc5 8. Nbc3
Bg4 9. f3 Bh5 10. O-O Be7 11. Be3 Nfd7 12. Bf2 O-O 13. h4 Bg6 14. Qc2 h6 15. a3
a4 16. Bh3 Nb3 17. Rad1 Ndc5 18. Kg2 Bf6 19. Na2 Re8 20. Nb4 Nd4 21. Nxd4 exd4
22. Kh2 Nb3 23. Rfe1 c5 24. dxc6 1-0

[Event "I Open Ciutat de Sueca 2015"]
[Site "Sueca ESP"]
[Date "2015.08.01"]
[Round "7.25"]
[White "Vigliaroli, Matteo Luigi"]
[Black "La Orden Garcia, Raquel"]
[Result "1/2-1/2"]
[WhiteElo "1637"]
[BlackElo "1540"]
[PlyCount "99"]
[EventDate "2015.07.27"]
[EventType "swiss"]
[EventRounds "8"]
[EventCountry "ESP"]
[SourceTitle "Ajedrez en Madrid"]
[Source "lmi"]
[SourceDate "2015.05.27"]

1. e4 e6 2. d4 d5 3. Nc3 dxe4 4. Nxe4 Nf6 5. Bg5 Be7 6. Nxf6+ Bxf6 7. Bxf6 Qxf6
8. Bd3 Nc6 9. Nf3 Bd7 10. c3 O-O 11. O-O h6 12. Re1 Rad8 13. Qc2 Rfe8 14. Qe2
a6 15. Rad1 g6 16. Qe3 Qg7 17. Qf4 Rc8 18. Re2 Re7 19. Rde1 Ree8 20. a3 Qh8 21.
Bc4 Qg7 22. d5 exd5 23. Bxd5 g5 24. Rxe8+ Bxe8 25. Qg3 Kf8 26. Ne5 Nxe5 27.
Rxe5 c6 28. Bb3 Qg6 29. Re1 Qf6 30. Qe3 Qd6 31. Rd1 Qe7 32. Qd4 Kg8 33. h3 Rc7
34. Qd3 Qf6 35. Bc2 Rd7 36. Qh7+ Kf8 37. Rxd7 Bxd7 38. Qd3 Ke7 39. Qe3+ Qe6 40.
Qb6 Qe1+ 41. Kh2 Qe5+ 42. g3 Qe6 43. Qe3 Qxe3 44. fxe3 c5 45. Kg2 Kf6 46. Kf3
Be6 47. Bd3 Ke5 48. h4 Bd5+ 49. Kf2 g4 50. Ke2 1/2-1/2

[Event "I Open Ciutat de Sueca 2015"]
[Site "Sueca ESP"]
[Date "2015.08.01"]
[Round "7.26"]
[White "Vila Tormo, Eduardo"]
[Black "Porras Boronat, German"]
[Result "0-1"]
[WhiteElo "1622"]
[BlackElo "1402"]
[PlyCount "80"]
[EventDate "2015.07.27"]
[EventType "swiss"]
[EventRounds "8"]
[EventCountry "ESP"]
[SourceTitle "Ajedrez en Madrid"]
[Source "lmi"]
[SourceDate "2015.05.27"]

1. e4 c5 2. Nf3 e6 3. c3 Nf6 4. e5 Nd5 5. d4 cxd4 6. cxd4 Nc6 7. Be2 d6 8. O-O
Qc7 9. exd6 Bxd6 10. Nc3 Nce7 11. Nb5 Qb8 12. Nxd6+ Qxd6 13. Bb5+ Bd7 14. Bxd7+
Qxd7 15. Ne5 Qc7 16. Bd2 O-O 17. Rc1 Qd6 18. Nc4 Qa6 19. a4 Rac8 20. Ne3 Rfd8
21. Rc5 Rxc5 22. dxc5 Nxe3 23. fxe3 Qd3 24. Qf3 Nf5 25. g4 Qxd2 26. gxf5 exf5
27. Qxf5 Qxe3+ 28. Qf2 Qxf2+ 29. Rxf2 Rd4 30. a5 Kf8 31. b3 Rb4 32. Rb2 Ke7 33.
Kf2 Kd7 34. Ke3 Kc6 35. Kd3 Kxc5 36. Kc3 Rh4 37. b4+ Kb5 38. Rf2 f6 39. Rf5+
Ka4 40. Rc5 Rxb4 0-1

[Event "I Open Ciutat de Sueca 2015"]
[Site "Sueca ESP"]
[Date "2015.08.01"]
[Round "7.27"]
[White "Montoliu Costa, Francisco"]
[Black "Botella Brandt, Rafael"]
[Result "0-1"]
[WhiteElo "1611"]
[BlackElo "1838"]
[PlyCount "68"]
[EventDate "2015.07.27"]
[EventType "swiss"]
[EventRounds "8"]
[EventCountry "ESP"]
[SourceTitle "Ajedrez en Madrid"]
[Source "lmi"]
[SourceDate "2015.05.27"]

1. e4 c5 2. Nf3 Nc6 3. d4 cxd4 4. Nxd4 a6 5. Nc3 e6 6. a3 Nf6 7. f3 Be7 8. Be3
O-O 9. Be2 d6 10. Qd2 Qc7 11. g4 Na5 12. g5 Nd7 13. h4 Ne5 14. b3 Nac6 15. f4
Nxd4 16. Bxd4 Nc6 17. Be3 f5 18. exf5 d5 19. fxe6 d4 20. Nd5 dxe3 21. Qxe3 Qa5+
22. c3 Qxd5 23. Kf2 Qxe6 24. Bc4 Qxc4 25. bxc4 Bd6 26. Ke1 Bxf4 27. Qf3 Be6 28.
Kd1 Bxc4 29. Kc2 Ne5 30. Qxb7 Rab8 31. Qa7 Rfd8 32. Rhd1 Bb3+ 33. Kb2 Nc4+ 34.
Kb1 Rxd1# 0-1

[Event "I Open Ciutat de Sueca 2015"]
[Site "Sueca ESP"]
[Date "2015.08.01"]
[Round "7.29"]
[White "Calabuig Ferrer, Jose"]
[Black "Sanchis, Fernand"]
[Result "0-1"]
[WhiteElo "1420"]
[BlackElo "1525"]
[PlyCount "104"]
[EventDate "2015.07.27"]
[EventType "swiss"]
[EventRounds "8"]
[EventCountry "ESP"]
[SourceTitle "Ajedrez en Madrid"]
[Source "lmi"]
[SourceDate "2015.05.27"]

1. e4 e5 2. Nf3 Nc6 3. Bb5 a6 4. Ba4 Nf6 5. d3 b5 6. Bb3 h6 7. Nc3 d6 8. h3 Na5
9. Be3 Nxb3 10. axb3 Bb7 11. O-O Be7 12. Re1 O-O 13. Ne2 c5 14. Ng3 Re8 15. Qd2
Kh7 16. Nf5 Bf8 17. Ng3 g6 18. Ra2 Bg7 19. Rea1 b4 20. c3 bxc3 21. bxc3 Qc7 22.
c4 Rh8 23. Qa5 Qc8 24. Qb6 Qd7 25. Ra3 Bf8 26. Nxe5 dxe5 27. Qxf6 Bg7 28. Qb6
Rhc8 29. Rd1 Rc6 30. Qa5 Bf8 31. Qc3 Qe6 32. Raa1 Be7 33. Rab1 h5 34. Qd2 h4
35. Ne2 f6 36. f4 Rg8 37. fxe5 fxe5 38. Bg5 Rcc8 39. Bxe7 Qxe7 40. b4 Rcd8 41.
Qb2 Rg7 42. Qa3 cxb4 43. Qa4 Rf7 44. Rxb4 Rdf8 45. Rbb1 Qg5 46. Kh1 Bc8 47. Rg1
Qe3 48. Rge1 Rf2 49. Ng1 Qg5 50. g4 hxg3 51. Ne2 Rh2+ 52. Kg1 Qe3# 0-1

[Event "I Open Ciutat de Sueca 2015"]
[Site "Sueca ESP"]
[Date "2015.08.01"]
[Round "7.30"]
[White "Egea Herrero, Albert"]
[Black "Moreno Grau, Jose Eugenio"]
[Result "1-0"]
[WhiteElo "1267"]
[BlackElo "1218"]
[PlyCount "94"]
[EventDate "2015.07.27"]
[EventType "swiss"]
[EventRounds "8"]
[EventCountry "ESP"]
[SourceTitle "Ajedrez en Madrid"]
[Source "lmi"]
[SourceDate "2015.05.27"]

1. e4 c5 2. Nf3 d6 3. d4 cxd4 4. Nxd4 Nc6 5. Nc3 a6 6. Be2 e6 7. Be3 Be7 8. Qd2
Nf6 9. O-O-O Qc7 10. Nxc6 bxc6 11. f4 Nd7 12. g4 Bb7 13. f5 e5 14. Bf3 a5 15.
h4 O-O-O 16. Qf2 c5 17. Be2 Nb8 18. Bc4 f6 19. Be6+ Nd7 20. Nd5 Qb8 21. Nxe7+
Kc7 22. Nd5+ Bxd5 23. Bxd5 Nb6 24. Be6 Qa7 25. g5 Rb8 26. Qg2 Kc6 27. gxf6 gxf6
28. Qd2 Rhd8 29. Bd5+ Kc7 30. Rhg1 Nd7 31. Be6 Qb6 32. Qc3 Qb4 33. Qxb4 axb4
34. Rg7 Ra8 35. Kb1 h6 36. Rdg1 Kc6 37. Bxd7+ Kb6 38. Be6 Ra5 39. Bd5 Rb8 40.
R7g6 Re8 41. Rxh6 Re7 42. Rxf6 Kc7 43. Rf7 Kd8 44. Bg5 Raa7 45. Bxe7+ Rxe7 46.
Rg8+ Re8 47. Rxe8+ Kxe8 1-0

[Event "I Open Ciutat de Sueca 2015"]
[Site "Sueca ESP"]
[Date "2015.08.01"]
[Round "7.32"]
[White "Follana Albelda, Lucia"]
[Black "Bartroli Tejada, Marc"]
[Result "0-1"]
[WhiteElo "1129"]
[BlackElo "1280"]
[PlyCount "138"]
[EventDate "2015.07.27"]
[EventType "swiss"]
[EventRounds "8"]
[EventCountry "ESP"]
[SourceTitle "Ajedrez en Madrid"]
[Source "lmi"]
[SourceDate "2015.05.27"]

1. e4 e5 2. Nf3 Nc6 3. Nc3 Nf6 4. Bc4 Bb4 5. O-O O-O 6. a3 Bxc3 7. dxc3 Nxe4 8.
Re1 Nf6 9. Nxe5 Nxe5 10. Rxe5 h6 11. h3 d6 12. Re1 Re8 13. Rxe8+ Qxe8 14. Bf4
Qe4 15. Qd4 Qxc2 16. Re1 Bd7 17. Bxh6 Qh7 18. Bf4 Re8 19. Rxe8+ Bxe8 20. Qxa7
Qe4 21. Qd4 Qb1+ 22. Kh2 Qxb2 23. Bg5 Qxa3 24. Bxf6 gxf6 25. Qxf6 Qc5 26. Qd4
Qxd4 27. cxd4 b5 28. Bb3 c5 29. dxc5 dxc5 30. Kg1 Kg7 31. Kf1 b4 32. Bc4 Ba4
33. Ba2 Bc2 34. Ke1 b3 35. Bxb3 Bxb3 36. Kd2 Bd5 37. g3 Kg6 38. h4 Kh5 39. Kd3
Kg4 40. Ke3 f5 41. Ke2 f4 42. gxf4 Kxf4 43. Kd3 Kg4 44. f3+ Kxh4 45. Kc3 Kg3
46. f4 Kxf4 47. Kd3 c4+ 48. Kd4 Bg8 49. Kc3 Ke4 50. Kc2 Kd4 51. Kd2 Bh7 52. Kd1
Kc3 53. Kc1 Kb3 54. Kd1 Kb2 55. Kd2 c3+ 56. Ke3 c2 57. Kf4 c1=Q+ 58. Ke5 Qd1
59. Kf6 Qe1 60. Kg7 Qf1 61. Kxh7 Qg1 62. Kh8 Kc3 63. Kh7 Kd3 64. Kh6 Ke3 65.
Kh7 Kf4 66. Kh8 Kf5 67. Kh7 Kf6 68. Kh8 Kf7 69. Kh7 Qh1# 0-1

[Event "I Open Ciutat de Sueca 2015"]
[Site "Sueca ESP"]
[Date "2015.08.02"]
[Round "8.1"]
[White "Cruz Lledo, Pablo"]
[Black "Garcia, Jhoel"]
[Result "1/2-1/2"]
[WhiteElo "2299"]
[BlackElo "2336"]
[PlyCount "48"]
[EventDate "2015.07.27"]
[EventType "swiss"]
[EventRounds "8"]
[EventCountry "ESP"]
[SourceTitle "Ajedrez en Madrid"]
[Source "lmi"]
[SourceDate "2015.05.27"]

1. d4 Nf6 2. c4 e6 3. Nc3 Bb4 4. Nf3 d5 5. Bg5 c5 6. cxd5 Qxd5 7. Bxf6 gxf6 8.
a3 Bxc3+ 9. bxc3 cxd4 10. cxd4 Nc6 11. e3 Bd7 12. Be2 Rg8 13. O-O Na5 14. Rc1
b6 15. Ne1 Rd8 16. Qc2 Ke7 17. Qxh7 Nb3 18. Rc2 Rc8 19. Bc4 Qd6 20. Qd3 Na5 21.
Ba6 Rxc2 22. Nxc2 b5 23. Nb4 Nc6 24. Bb7 Nxb4 1/2-1/2

[Event "I Open Ciutat de Sueca 2015"]
[Site "Sueca ESP"]
[Date "2015.08.02"]
[Round "8.2"]
[White "Galvan, Jesus"]
[Black "Diaz Velandia, Jose Manuel"]
[Result "1/2-1/2"]
[WhiteElo "2216"]
[BlackElo "2315"]
[PlyCount "45"]
[EventDate "2015.07.27"]
[EventType "swiss"]
[EventRounds "8"]
[EventCountry "ESP"]
[SourceTitle "Ajedrez en Madrid"]
[Source "lmi"]
[SourceDate "2015.05.27"]

1. Nf3 Nf6 2. c4 c5 3. g3 g6 4. Bg2 Bg7 5. O-O O-O 6. Nc3 d6 7. d3 e5 8. e4 Nc6
9. Nd5 Nxd5 10. cxd5 Nd4 11. Nxd4 cxd4 12. Bd2 a5 13. Rc1 Bd7 14. h3 b6 15. Qe2
Rc8 16. Rxc8 Qxc8 17. Rc1 Qa6 18. Bf1 Rc8 19. Qd1 Rxc1 20. Qxc1 Qc8 21. Qxc8+
Bxc8 22. b4 a4 23. a3 1/2-1/2

[Event "I Open Ciutat de Sueca 2015"]
[Site "Sueca ESP"]
[Date "2015.08.02"]
[Round "8.3"]
[White "Montoliu Cervero, Francisco"]
[Black "Garcia Fernandez, Carlos"]
[Result "1-0"]
[WhiteElo "2335"]
[BlackElo "2312"]
[PlyCount "171"]
[EventDate "2015.07.27"]
[EventType "swiss"]
[EventRounds "8"]
[EventCountry "ESP"]
[SourceTitle "Ajedrez en Madrid"]
[Source "lmi"]
[SourceDate "2015.05.27"]

1. e4 d6 2. d4 Nf6 3. Nc3 Nbd7 4. Nf3 e5 5. Bc4 Be7 6. O-O O-O 7. Re1 c6 8. a4
b6 9. d5 cxd5 10. Nxd5 Nxd5 11. Bxd5 Rb8 12. b3 a6 13. Ba3 b5 14. axb5 axb5 15.
Bb4 Qc7 16. Ba5 Nb6 17. Qd3 Bd7 18. Rec1 Qc5 19. c4 bxc4 20. Bxb6 Qxb6 21. Bxc4
Be6 22. Rc3 Rfc8 23. Nd2 Bg5 24. Bxe6 Rxc3 25. Bxf7+ Kxf7 26. Qxc3 Bxd2 27.
Qxd2 Qxb3 28. h3 Qe6 29. Ra7+ Kg6 30. Ra6 Rd8 31. Qa5 Rd7 32. Qb5 h6 33. Qd3
Kf7 34. Ra8 Kg6 35. Ra5 Kf7 36. Kh2 Qf6 37. Qe2 Qe6 38. g3 g5 39. Kg2 Kg7 40.
Ra6 Rf7 41. Qe3 Qf6 42. Ra2 h5 43. Qe2 h4 44. Ra3 Kh6 45. Rf3 Qe6 46. Rxf7 Qxf7
47. Qd2 hxg3 48. Qxd6+ Kh5 49. Qd1+ Kh6 50. fxg3 Qa2+ 51. Kf3 Qe6 52. Qd5 Qf6+
53. Kg2 Qa6 54. Qd2 Qc4 55. Qe3 Kg6 56. Kf2 Qc8 57. Qb6+ Kh7 58. Qd6 Qc3 59.
Qe7+ Kg6 60. Qe6+ Kg7 61. Qd6 Kf7 62. Qd7+ Kf8 63. Qf5+ Ke8 64. Qxg5 Qc2+ 65.
Kf3 Qd1+ 66. Kf2 Qc2+ 67. Ke1 Qxe4+ 68. Kf2 Qc2+ 69. Kf3 e4+ 70. Kg4 Qe2+ 71.
Kh4 Qd3 72. Qe5+ Kf7 73. Qf5+ Kg7 74. g4 Qe3 75. g5 Qe1+ 76. Kh5 Qe2+ 77. Qg4
Qf3 78. Kh4 Qf2+ 79. Qg3 e3 80. Kg4 Qd2 81. Qe5+ Kg8 82. Qe8+ Kg7 83. Qe7+ Kg8
84. Kh5 Qf2 85. Kg6 Qc2+ 86. Kh6 1-0

[Event "I Open Ciutat de Sueca 2015"]
[Site "Sueca ESP"]
[Date "2015.08.02"]
[Round "8.4"]
[White "Valmana Canto, Jaime"]
[Black "Uran Bermudez, Oliver Kevin"]
[Result "1-0"]
[WhiteElo "2416"]
[BlackElo "2216"]
[PlyCount "105"]
[EventDate "2015.07.27"]
[EventType "swiss"]
[EventRounds "8"]
[EventCountry "ESP"]
[SourceTitle "Ajedrez en Madrid"]
[Source "lmi"]
[SourceDate "2015.05.27"]

1. b3 d5 2. e3 Nf6 3. Bb2 Bf5 4. Nf3 h6 5. c4 e6 6. Be2 Nbd7 7. O-O Be7 8. d4
c6 9. Nc3 O-O 10. Bd3 Bxd3 11. Qxd3 Qa5 12. a3 dxc4 13. bxc4 Rad8 14. Rfd1 Qh5
15. Ne2 Bd6 16. Qc2 Nh7 17. Ng3 Bxg3 18. hxg3 Ng5 19. Nh2 Nf6 20. f3 Ngh7 21.
Bc3 Qg5 22. Nf1 Rfe8 23. Rab1 Rd7 24. a4 Nf8 25. a5 Red8 26. Re1 a6 27. e4 Qg6
28. Qf2 Ne8 29. Rb6 Nd6 30. Ne3 f5 31. e5 Nc8 32. Rb3 Qf7 33. Reb1 Rc7 34. Qb2
Rdd7 35. Bb4 f4 36. Nf1 fxg3 37. Nxg3 Ng6 38. Ne4 Nh4 39. Bd6 Nxd6 40. exd6 Rc8
41. Qf2 Nf5 42. c5 g5 43. Qb2 Qg7 44. d5 e5 45. Rxb7 Rxb7 46. Qxb7 Qxb7 47.
Rxb7 cxd5 48. Nf6+ Kf8 49. Nd7+ Ke8 50. Nxe5 Rd8 51. Rh7 Nxd6 52. Rh8+ Ke7 53.
Nc6+ 1-0

[Event "I Open Ciutat de Sueca 2015"]
[Site "Sueca ESP"]
[Date "2015.08.02"]
[Round "8.5"]
[White "Crecente Penalba, Jose Manuel"]
[Black "Suba, Mihai"]
[Result "0-1"]
[WhiteElo "2153"]
[BlackElo "2322"]
[PlyCount "134"]
[EventDate "2015.07.27"]
[EventType "swiss"]
[EventRounds "8"]
[EventCountry "ESP"]
[SourceTitle "Ajedrez en Madrid"]
[Source "lmi"]
[SourceDate "2015.05.27"]

1. e4 Nf6 2. Nc3 d5 3. exd5 Nxd5 4. Bc4 e6 5. Nf3 Be7 6. O-O O-O 7. d4 c6 8.
Re1 Nd7 9. Qe2 Re8 10. Bd2 b6 11. Rad1 Bb7 12. Ne5 Nxe5 13. dxe5 Qc7 14. Qh5 g6
15. Qh3 Nxc3 16. Bxc3 Rad8 17. Qh6 Rxd1 18. Rxd1 Rd8 19. Rd6 b5 20. Bd3 Bf8 21.
Rxd8 Qxd8 22. Qe3 c5 23. Bxb5 Qd1+ 24. Qe1 Qxc2 25. Bc4 Bh6 26. Qe2 Qb1+ 27.
Qf1 Qe4 28. Bd3 Qf4 29. Qd1 Bd5 30. a3 Bf8 31. Qd2 Qg4 32. Bf1 h5 33. h3 Qh4
34. Qe3 Qa4 35. Be2 Qc6 36. Bf3 Bxf3 37. Qxf3 Qxf3 38. gxf3 Bh6 39. Kf1 Bf4 40.
Ke2 c4 41. Bd4 a6 42. Kd1 Kg7 43. Kc2 Kh6 44. Kc3 Kg5 45. Kxc4 Kh4 46. b4 Kxh3
47. a4 h4 48. b5 axb5+ 49. Kxb5 Kg2 50. a5 h3 51. a6 h2 52. a7 h1=Q 53. a8=Q
Qd1 54. Kc5 Qxf3 55. Qd8 g5 56. Kd6 Qd5+ 57. Ke7 Qxd8+ 58. Kxd8 Kf3 59. Ke7 Ke4
60. Bb6 Kxe5 61. Kxf7 Kf5 62. Ke7 g4 63. Bc5 e5 64. Kd6 Ke4 65. Ke6 Kf3 66. Kf5
e4 67. Bb6 Bh2 0-1

[Event "I Open Ciutat de Sueca 2015"]
[Site "Sueca ESP"]
[Date "2015.08.02"]
[Round "8.6"]
[White "Mataix Arbona, Cesar"]
[Black "Alberola Mulet, Jairo"]
[Result "1/2-1/2"]
[WhiteElo "2064"]
[BlackElo "2185"]
[PlyCount "98"]
[EventDate "2015.07.27"]
[EventType "swiss"]
[EventRounds "8"]
[EventCountry "ESP"]
[SourceTitle "Ajedrez en Madrid"]
[Source "lmi"]
[SourceDate "2015.05.27"]

1. d4 e6 2. Nf3 Nf6 3. e3 b6 4. Bd3 Bb7 5. O-O Be7 6. b3 O-O 7. Bb2 d5 8. Qe2
Nbd7 9. Nbd2 c5 10. e4 dxe4 11. Nxe4 Nxe4 12. Bxe4 Bxe4 13. Qxe4 Bf6 14. Rad1
Qc7 15. c4 Rfd8 16. Rfe1 cxd4 17. Nxd4 Nc5 18. Qe2 a6 19. Ba1 Rd7 20. b4 Rad8
21. bxc5 Bxd4 22. Bxd4 Rxd4 23. Rxd4 Rxd4 24. cxb6 Qxb6 25. Rc1 Qc5 26. h3 h6
27. Rc2 a5 28. Rc1 g5 29. g3 Kg7 30. Rc2 Kg6 31. Rc3 h5 32. Qc2+ Kg7 33. Qe2
Kg6 34. Qc2+ Kh6 35. Qc1 h4 36. Kh2 hxg3+ 37. fxg3 Qd6 38. Rc2 Rd1 39. Qe3 Rh1+
40. Kxh1 Qd1+ 41. Qg1 Qxc2 42. Qf1 Kg6 43. a3 Qc3 44. Qb1+ f5 45. Qb8 Qxc4 46.
Qg8+ Kf6 47. Qd8+ Ke5 48. Qxa5+ Kf6 49. Qd8+ Ke5 1/2-1/2

[Event "I Open Ciutat de Sueca 2015"]
[Site "Sueca ESP"]
[Date "2015.08.02"]
[Round "8.7"]
[White "Torres Sanchez, Jose"]
[Black "Cortes Marti, Javier"]
[Result "1-0"]
[WhiteElo "2286"]
[BlackElo "2081"]
[PlyCount "111"]
[EventDate "2015.07.27"]
[EventType "swiss"]
[EventRounds "8"]
[EventCountry "ESP"]
[SourceTitle "Ajedrez en Madrid"]
[Source "lmi"]
[SourceDate "2015.05.27"]

1. e4 c6 2. d4 d5 3. e5 Bf5 4. g4 Be4 5. f3 Bg6 6. Ne2 e6 7. Ng3 Nd7 8. f4 Ne7
9. Bd3 Bxd3 10. Qxd3 g6 11. O-O c5 12. c3 Rc8 13. f5 Nc6 14. a3 cxd4 15. cxd4
Nxd4 16. b4 Nc6 17. fxe6 fxe6 18. Bb2 Bg7 19. Nc3 Ndxe5 20. Qe2 Rf8 21. Nb5 a6
22. Nd4 Qb6 23. Rxf8+ Kxf8 24. Rd1 Kg8 25. Kh1 Nxd4 26. Bxd4 Qd6 27. Re1 Nc4
28. Bxg7 Kxg7 29. Qxe6 Qxe6 30. Rxe6 Rc7 31. a4 Rd7 32. Ne2 Kf7 33. Nd4 Nb2 34.
a5 Nd3 35. Rb6 Ne5 36. g5 Nc6 37. Nxc6 bxc6 38. Rxc6 d4 39. Rxa6 d3 40. Rf6+
Ke7 41. Rf1 Ke6 42. Rd1 Rd6 43. Kg2 Rd4 44. Kf3 Rxb4 45. Ra1 Rb7 46. a6 Ra7 47.
Ke3 Kd6 48. Kxd3 Ke5 49. Ra5+ Kf4 50. Kd4 Kg4 51. Kc5 Kh3 52. Kb6 Ra8 53. a7
Kxh2 54. Kb7 Rxa7+ 55. Rxa7 Kg3 56. Ra4 1-0

[Event "I Open Ciutat de Sueca 2015"]
[Site "Sueca ESP"]
[Date "2015.08.02"]
[Round "8.8"]
[White "Galvan Cipriani, Viviana"]
[Black "Montalban Galvez, Antoni"]
[Result "0-1"]
[WhiteElo "1698"]
[BlackElo "2186"]
[PlyCount "120"]
[EventDate "2015.07.27"]
[EventType "swiss"]
[EventRounds "8"]
[EventCountry "ESP"]
[SourceTitle "Ajedrez en Madrid"]
[Source "lmi"]
[SourceDate "2015.05.27"]

1. c4 Nf6 2. Nc3 d5 3. cxd5 Nxd5 4. g3 g6 5. Bg2 Nb6 6. Nf3 Bg7 7. O-O Nc6 8.
d3 O-O 9. Be3 e5 10. Qd2 Nd4 11. Bh6 Bxh6 12. Qxh6 Nf5 13. Qd2 Qe7 14. Rac1 Bd7
15. Ne4 Bc6 16. Qc3 f6 17. Nc5 Rad8 18. e4 Nd6 19. d4 Nxe4 20. Nxe4 Bxe4 21.
dxe5 Rd3 22. Qc2 f5 23. Nd2 Bxg2 24. Kxg2 Rfd8 25. Nc4 Qe6 26. Nxb6 cxb6 27.
Qc4 Qxc4 28. Rxc4 Rd2 29. Re1 Rxb2 30. g4 fxg4 31. e6 Re8 32. e7 Rb5 33. Rxg4
Rc5 34. Rd4 Rc7 35. Rde4 Kf7 36. Rf4+ Kg7 37. Rfe4 Rc6 38. Ra4 a6 39. Rd4 Rc7
40. Rde4 b5 41. a4 bxa4 42. Rxa4 Rexe7 43. Rb1 Rc2 44. Kg3 Rf7 45. Rab4 b5 46.
Ra1 Rf6 47. Re4 Rc3+ 48. Kg2 Rc7 49. Re2 Rb7 50. Rea2 b4 51. Rxa6 Rxa6 52. Rxa6
b3 53. Ra1 b2 54. Rb1 Rb3 55. Kf1 Kf6 56. Ke2 Kf5 57. f3 Kf4 58. h4 Re3+ 59.
Kd1 Rb3 60. Ke2 h6 0-1

[Event "I Open Ciutat de Sueca 2015"]
[Site "Sueca ESP"]
[Date "2015.08.02"]
[Round "8.9"]
[White "Frasquet Solbes, Elias"]
[Black "Albert Garrote, Amadeo"]
[Result "1-0"]
[WhiteElo "2171"]
[BlackElo "1788"]
[PlyCount "125"]
[EventDate "2015.07.27"]
[EventType "swiss"]
[EventRounds "8"]
[EventCountry "ESP"]
[SourceTitle "Ajedrez en Madrid"]
[Source "lmi"]
[SourceDate "2015.05.27"]

1. g3 e6 2. Bg2 d5 3. c4 c6 4. Nf3 f5 5. O-O Nf6 6. d3 Be7 7. Nbd2 O-O 8. e4
dxe4 9. dxe4 Nbd7 10. exf5 exf5 11. Nb3 Ne4 12. Be3 Ndf6 13. Qc2 Ng4 14. Bd4 c5
15. Bc3 Nxc3 16. Qxc3 Qc7 17. h3 Nf6 18. Nbd2 Rb8 19. Rae1 b6 20. Ng5 Re8 21.
Ne6 Qd6 22. Nf4 Bb7 23. Bxb7 Rxb7 24. Re6 Qd8 25. Nf3 Bd6 26. Rxe8+ Qxe8 27.
Re1 Qc6 28. Qd2 Rd7 29. Nd5 Nxd5 30. cxd5 Qa8 31. Qd3 Bf8 32. Rd1 g6 33. b3 h6
34. Ne5 Rd6 35. h4 Bg7 36. Nc4 Rd8 37. Qe3 Re8 38. Qf4 b5 39. Ne3 a5 40. Qd6
Kh7 41. Qxc5 Qb8 42. d6 Rc8 43. Qd5 f4 44. gxf4 Rd8 45. f5 gxf5 46. Nxf5 Qa7
47. Qxb5 Qf7 48. Qd5 Qg6+ 49. Ng3 Rf8 50. Qe4 Bf6 51. h5 Qxe4 52. Nxe4 Bd8 53.
Kg2 Rf5 54. Rh1 Kg7 55. Kg3 a4 56. Kg4 Rb5 57. bxa4 Rb4 58. f3 Rxa4 59. Rh2 Kf7
60. Rb2 Ke6 61. Rb8 Kd7 62. Kf5 Ba5 63. Nc5+ 1-0